000 00922 a2200181 4500
999 _c6875
_d6875
020 _a1562569031
050 0 0 _aE185 ASA 1995
100 1 _aAsante, Molefi Kete,
_d1942-
_eauthor
245 1 0 _aAfrican American history :
_ba journey of liberation /
_cby Dr. Molefi Kete Asante.
264 _aNew Jersey :
_bThe People' Publishing group
_c1995
300 _axvi, 485 p. :
_bill., col. maps ;
500 _aText
500 _a"The only African American history textbook for the schools that is written by an African American scholar from an authentic, insider's perspective. For the first time, center yourself in African American history"--The author, cover p. 4.
650 0 _aAfrican Americans
_xHistory.
650 0 _aAfrican Americans
_xHistory
_xStudy and teaching (Secondary)
942 _2lcc
_cBK
_h185
_iASA
_kE